Historia crítica de la arquitectura moderna
Guardat en:
| Autor principal: | |
|---|---|
| Format: | Llibre |
| Idioma: | espanyol |
| Publicat: |
Ciudad de México
Gustavo Gili
1983
|
| Edició: | 2a. ed |
| Col·lecció: | Estudio Paperback
|
| Matèries: | |
| Etiquetes: |
Afegir etiqueta
Sense etiquetes, Sigues el primer a etiquetar aquest registre!
|
MARC
| LEADER | 00000nam a2200000 a 4500 | ||
|---|---|---|---|
| 001 | UCT2484 | ||
| 003 | CL-VaPUC | ||
| 008 | 961011e19830000MX |||||||||||||||||spa|d | ||
| 020 | |a 8425216656 | ||
| 082 | 0 | 4 | |a 724 |b FRA |2 21 |
| 100 | 0 | |a Frampton, Kenneth |e author |9 371502 | |
| 245 | 1 | 0 | |a Historia crítica de la arquitectura moderna |
| 250 | |a 2a. ed | ||
| 300 | |a 338 p | ||
| 942 | |c BK | ||
| 945 | |d 19961011 00:00:00 |a rleighto | ||
| 260 | |a Ciudad de México |b Gustavo Gili |c 1983 | ||
| 650 | 0 | |a Arquitectura moderna |9 265021 | |
| 650 | 0 | |a Arquitectura |9 804558 | |
| 650 | 0 | |a Historia del arte |9 314877 | |
| 650 | 0 | |a Diseño arquitectónico |9 265271 | |
| 650 | 0 | |a Bellas artes |9 334299 | |
| 650 | 7 | |a TECNOLOGIA DE LA CONSTRUCCION |2 CL-VaPUC |9 260196 | |
| 583 | |a last modification |c 19961011 00:00:00 |k Rodrigo Vera | ||
| 490 | 0 | |a Estudio Paperback | |
| 999 | |c 252556 |d 252554 | ||
| 952 | |0 0 |1 0 |4 0 |6 724_000000000000000_FRA_1983 |7 0 |8 A |9 272471 |a BIBARQ |b BIBARQ |d 2019-11-19 |i 3236285 |o 724 FRA 1983 |p 3236285 |r 2025-01-20 |w 2019-11-19 |y BK |k ARQ | ||